| 000 | nam a22 7a 4500 | ||
|---|---|---|---|
| 999 |
_c330666 _d330666 |
||
| 003 | NUST | ||
| 005 | 20170728112425.0 | ||
| 008 | 170728b xxu||||| |||| 00| 0 eng d | ||
| 040 | _cNUST | ||
| 082 |
_a891.4304 _bAZI |
||
| 100 |
_aAziz, Shafiq Ahmad _93634 |
||
| 245 |
_aMaqalat aziz\ _cby Shafiq Ahmad Aziz |
||
| 260 |
_aIslamabad: _bNational book foundation, _c2005 |
||
| 300 | _a280 p. | ||
| 500 | _aMaqalat | ||
| 546 | _aIn Urdu | ||
| 650 |
_aMaqalat _93635 |
||
| 880 |
_6100-01\(3\r _aشفیق احمد عزیز |
||
| 880 |
_6245-02\(3\r _aمقالات عزیز _cشفیق احمد عزیز |
||
| 880 |
_6260-03\(3\r _aاسلام آباد: _bنیشنل بک فاؤنڈیشن، _c2005 |
||
| 942 |
_2ddc _cBK |
||